UM Logo

Mass incarceration paradigm shift? : (Record no. 20722)

MARC details
000 -LEADER
fixed length control field 00696nam a22001817a 4500
003 - CONTROL NUMBER IDENTIFIER
control field OSt
005 - DATE AND TIME OF LATEST TRANSACTION
control field 20250902142126.0
008 - FIXED-LENGTH DATA ELEMENTS--GENERAL INFORMATION
fixed length control field 240820b ||||| |||| 00| 0 eng d
040 ## - CATALOGING SOURCE
Transcribing agency 0
082 ## - DEWEY DECIMAL CLASSIFICATION NUMBER
Classification number DPer 364.05 J826 Summer-Fall 2019 v. 109 n. 3-4
100 ## - MAIN ENTRY--PERSONAL NAME
Personal name Jouet, Mugambi.
Relator term author.
9 (RLIN) 58537
245 ## - TITLE STATEMENT
Title Mass incarceration paradigm shift? :
Remainder of title Convergence in an age of divergence /
Statement of responsibility, etc. Mugambi Jouet.
260 ## - PUBLICATION, DISTRIBUTION, ETC. (IMPRINT)
Place of publication, distribution, etc. Evanston ;
Name of publisher, distributor, etc. Northwestern University Press ,
Date of publication, distribution, etc. Fall 2019.
300 ## - PHYSICAL DESCRIPTION
Extent Volume 109, pages 703-768 ;
Dimensions 26 cm.
500 ## - GENERAL NOTE
General note The Journal of Criminal Law and Criminology, vol. 109, no. 4, pages 703-768, Fall 2019.
700 ## - ADDED ENTRY--PERSONAL NAME
Personal name Jouet, Mugambi.
Relator term author.
9 (RLIN) 58537
942 ## - ADDED ENTRY ELEMENTS (KOHA)
Source of classification or shelving scheme Dewey Decimal Classification
Koha item type Periodicals
Holdings
Withdrawn status Lost status Source of classification or shelving scheme Damaged status Not for loan Collection code Home library Current library Date acquired Total Checkouts Full call number Date last seen Price effective from Koha item type Public note
    Dewey Decimal Classification     Periodicals UM Digos College - LIC UM Digos College - LIC 08/20/2024   DPer 364.05 J82 Summer-Fall 2019 v. 109 n. 3-4 08/20/2024 08/20/2024 Periodicals Periodical Article